مكتبة جامعة عجلون الوطنية

فهرس بحث المكتبة

Normal view MARC view
  • اعداد ابو عزة، سميرة احمد محمد؛ اشراف صلاح محمد ابو الحاج

Entry Personal Name

Number of records used in: 1

001 - CONTROL NUMBER

  • control field: 57847

003 - CONTROL NUMBER IDENTIFIER

  • control field: JO-AjAnu

005 - DATE AND TIME OF LATEST TRANSACTION

  • control field: 20230606083453.0

008 - FIXED-LENGTH DATA ELEMENTS

  • fixed length control field: 230606|| aca||aabn | a|a d

040 ## - CATALOGING SOURCE

  • Original cataloging agency: JO-AjAnu
  • Transcribing agency: JO-AjAnu

100 ## - HEADING--PERSONAL NAME

  • Personal name: اعداد ابو عزة، سميرة احمد محمد؛ اشراف صلاح محمد ابو الحاج

670 ## - SOURCE DATA FOUND

  • Source citation: Work cat.: (JO-AjAnu)29515: اعداد ابو عزة، سميرة احمد محمد؛ اشراف صلاح محمد ابو الحاج, author, الفتاوى الصغرى لحسام الدين عمر ين مازه بترتيب الخوارزمي الخاصي(ت536ه-1141م) من بداية الكتاب الى نهاية كتاب الاجارة "دراسة وتحقيق"=Minor Fatawa of Hossam El-Din Omar BIN Maza'h According to al-Khasi al-Khwarizmi's Order (Date:536H-1141AD) From the Beginning the book to the End of al-ljara chapter "A Study and An Investigation"